| 000 | 00612nam a2200241 a 4500 | ||
|---|---|---|---|
| 001 | nice12345678 | ||
| 003 | IN_TiNIC | ||
| 005 | 20260116012732.0 | ||
| 008 | 050524s1991 newa grp 000 0 eng | ||
| 020 |
_a8185024 _c250 |
||
| 082 | 0 | 0 |
_a922.97 _bMUH |
| 100 | _aMuhammad, Shan | ||
| 245 |
_aRight Honourable Syed Ameer Ali _b Personality and Achievements |
||
| 260 |
_aNew Delhi _bUppal Pub _c1991 |
||
| 300 | _a268p | ||
| 500 | _aincludes index and biblioraphy | ||
| 505 | 2 | _aindex | |
| 650 | _aSyed Amir Ali | ||
| 700 | 1 | _aMuhammad, Shan | |
| 902 | _bSRS | ||
| 942 | _cBK | ||
| 999 |
_c8160 _d8160 |
||